The Rookie - Statistics

General Stats
  • This quiz has been taken 283 times
  • The average score is 5 of 14
Answers on the Grid
Answers color-coded by a green-red scale on the quiz's grid according to % correct below.
Tim Bradford
Nolan John
Kojo
Bobby
Lucy Chen
araon thorson
JOHN freakin nolan
bailey nune
jackson west
Mr.John
Made Grey
oscar hutchison
Wesley evens
Nyla Harper
wesely Evers
Wade grey
Jeffery Smitt
Smitti
Paul skeins
Jared Goff
Jalen hurts
Rosland Dyer
Jameson Willams
Amra St brown
Angela Lopez
 
Answer Stats
Answer % Correct
Tim Bradford
86%
jackson west
58%
Lucy Chen
51%
Kojo
32%
Angela Lopez
30%
bailey nune
30%
Nyla Harper
30%
Rosland Dyer
30%
Wade grey
28%
oscar hutchison
27%
araon thorson
24%
wesely Evers
23%
JOHN freakin nolan
19%
Smitti
14%
No matching quizzes found
Score Distribution
Percent of People with Each Score
Percentile by Number Answered
Your Score History
You have not taken this quiz